La democracia industrial
Salvato in:
| Autore principale: | |
|---|---|
| Natura: | testo |
| Pubblicazione: |
San José:
MTSS. CEDAL
|
| Tags: |
Aggiungi Tag
Nessun Tag, puoi essere il primo ad aggiungerne!!
|
MARC
| LEADER | 00000 a a2200000 04500 | ||
|---|---|---|---|
| 001 | 16807 | ||
| 003 | |||
| 040 | |||
| 090 | |a 004400 | ||
| 100 | |a Levinson, Charles | ||
| 245 | |a La democracia industrial | ||
| 260 | |a San José: |b MTSS. CEDAL | ||
| 300 | |a pp. 147-34 | ||
| 500 | |a Tomado del libro "El contrapoder multinacional la réplica sindical" (Barcelona: DOPESA, 1976) | ||
| 999 | |c 11691 |d 11691 | ||
